Normal view MARC view

Entry Corporate Name

Number of records used in: 1

001 - CONTROL NUMBER

  • control field: 22684

003 - CONTROL NUMBER IDENTIFIER

  • control field: OSt

005 - DATE AND TIME OF LATEST TRANSACTION

  • control field: 20211105134658.0

008 - FIXED-LENGTH DATA ELEMENTS

  • fixed length control field: 211105|| aca||aabn | a|a d

040 ## - CATALOGING SOURCE

  • Original cataloging agency: OSt
  • Transcribing agency: OSt

110 ## - HEADING--CORPORATE NAME

  • Corporate name or jurisdiction name as entry element: European Astrophysics Doctoral Network (EADN)

670 ## - SOURCE DATA FOUND

  • Source citation: Work cat.: (OSt): Lectures Stellar Atmospheres-Theory and Observations Belgium 1996 Sept. 10-19 22681, Stellar atmospheres-theory and observations, 1997

Powered by Koha